Problems in real analysis : a workbook with solutions (Record no. 7512)

000 -LEADER
fixed length control field 00958 a2200229 4500
020 ## - INTERNATIONAL STANDARD BOOK NUMBER
International Standard Book Number 0120502534
040 ## - CATALOGING SOURCE
Original cataloging agency DLC
Language of cataloging DLC
082 00 - DEWEY DECIMAL CLASSIFICATION NUMBER
Classification number 515
100 1# - MAIN ENTRY--PERSONAL NAME
Personal name Aliprantis, Charalambos D.
245 10 - TITLE STATEMENT
Title Problems in real analysis : a workbook with solutions
Remainder of title a workbook with solutions
Statement of responsibility, etc. Charalambos D. Aliprantis and Owen Burkinshaw.
250 ## - EDITION STATEMENT
Edition statement 2nd ed.
260 ## - PUBLICATION, DISTRIBUTION, ETC.
Place of publication, distribution, etc. India :
Name of publisher, distributor, etc. Academic Press,
Date of publication, distribution, etc. c1999.
300 ## - PHYSICAL DESCRIPTION
Extent vii, 403 p. :
Other physical details ill. ;
Dimensions 25 cm.
500 ## - GENERAL NOTE
General note "Contains complete solutions to the 609 problems in the third edition of, Principles of real analysis, Academic Press, 1998"--Fwd.
650 #0 - SUBJECT ADDED ENTRY--TOPICAL TERM
Topical term or geographic name entry element Mathematical analysis.
650 #0 - SUBJECT ADDED ENTRY--TOPICAL TERM
Topical term or geographic name entry element Functions of real variables.
700 1# - ADDED ENTRY--PERSONAL NAME
Personal name Burkinshaw, Owen.
700 1# - ADDED ENTRY--PERSONAL NAME
Personal name Aliprantis, Charalambos D.
856 41 - ELECTRONIC LOCATION AND ACCESS
Materials specified Table of contents
Uniform Resource Identifier <a href="http://www.loc.gov/catdir/toc/els033/99176757.html">http://www.loc.gov/catdir/toc/els033/99176757.html</a>
856 41 - ELECTRONIC LOCATION AND ACCESS
Materials specified Publisher description
Uniform Resource Identifier <a href="http://www.loc.gov/catdir/description/els033/99176757.html">http://www.loc.gov/catdir/description/els033/99176757.html</a>
942 ## - ADDED ENTRY ELEMENTS (KOHA)
Koha item type Book
Call number prefix 515 ALI
Source of classification or shelving scheme
Holdings
Withdrawn status Lost status Damaged status Not for loan Collection code Permanent Location Current Location Shelving location Date acquired Source of acquisition Cost, normal purchase price Total Checkouts Full call number Barcode Date last seen Price effective from Koha item type
          Central Library (CL) Central Library (CL) General Stacks 06/20/2006 Multi-Line Books 435.42   515 ALI SEECS007488 11/14/2012 01/05/2017 Book
© 2023 Central Library, National University of Sciences and Technology. All Rights Reserved.